000 01110nam a2200265Ia 4500
008 191128s9999 xx 000 0 und d
020 _a9580477000
082 _aC
082 _b BOUf
100 _aBourgeois, Paulette, autor
245 0 _aFranklin se pierde /
245 0 _cPaulette Bourgeois ; ilustración Brenda Clark ; traducción Ana Cristina Robledo
260 _aBogotá
260 _bNorma,
260 _c2003
300 _a[30] páginas sin numerar
300 _b ilustraciones a color
300 _c 21 cm
440 _aDías felices con Franklin
500 _aRecomendado para mayores de 5 años.
520 _aFranklin podía deslizarse en el agua desde el borde del río. Sabía contar hacia delante y hacia atrás. Podía subir y bajar cremalleras y abotonar botones. Hasta sabía llegar a casa de Oso él solito. Pero a Franklin no le era permitido ir al bosque solo.
546 _aspa
650 _aCuentos infantiles Literatura infantil Tortugas en la literatura Libros y lectura para niños--
799 _aClark, Brenda, ilustración Robledo, Ana Cristina, traductora
999 _c4169
_d4169